书目信息 |
| 题名: |
大厨房
|
|
| 作者: | 邱建伟 编著 | |
| 分册: | 熘炒 | |
| 出版信息: | 沈阳 沈阳出版社 2005.04 |
|
| 页数: | 246页 | |
| 开本: | 21cm | |
| 丛书名: | 大厨房菜谱系列 | |
| 单 册: | ||
| 中图分类: | TS972.182 | |
| 科图分类: | ||
| 主题词: | 食谱--shi pu--中国 , 菜谱--cai pu--中国 | |
| 电子资源: | ||
| ISBN: | 7-5441-2763-X | |
| 000 | 01206nam 2200301 450 | |
| 001 | 012007969820 | |
| 005 | 20070930094234.35 | |
| 010 | @a7-5441-2763-X@dCNY15.00 | |
| 100 | @a20070809d2005 km y0chiy0120 ea | |
| 101 | 0 | @achi |
| 102 | @aCN@b210000 | |
| 105 | @aa z 000yy | |
| 200 | 1 | @a大厨房@Ada chu fang@i熘炒 |
| 210 | @a沈阳@c沈阳出版社@d2005.04 | |
| 215 | @a246页@c彩图@d21cm | |
| 225 | 2 | @a大厨房菜谱系列@Ada chu fang cai pu xi lie |
| 304 | @a封面题:熘炒菜 | |
| 314 | @a版权页:邱建伟编著 | |
| 330 | @a本书分为畜肉篇、禽蛋篇、下水篇、水产篇、蔬菜篇,介绍了多种熘炒菜的原料和做法。是否厌倦了多年不变的家庭菜肴?你曾经的拿手菜是不是已经被家人朋友品尝过多次了?你是否也想拥有大厨的烹饪智慧呢?粥饭、汤羹、熏酱菜、熘炒菜、炝拌菜、烩炖菜、烧烤火锅、面点小吃,一网打尽,不论你是初进厨房不谙料理的生手,或是经验老到日煮万馔的老手,都能从中习得最健康、简单、方便的快手佳肴,轻轻松松做出“大厨”风味! | |
| 410 | 0 | @12001 @a大厨房菜谱系列 |
| 517 | 1 | @a熘炒@Aliu chao |
| 517 | 1 | @a熘炒菜@Aliu chao cai |
| 606 | 0 | @a食谱@Ashi pu@y中国 |
| 606 | 0 | @a菜谱@Acai pu@y中国 |
| 690 | @aTS972.182@v4 | |
| 701 | 0 | @a邱建伟@Aqiu jian wei@4编著 |
| 801 | 0 | @aCN@c20070930 |
| 905 | @dTS972.182@eQ727 | |
| 大厨房.熘炒.-沈阳:沈阳出版社,2005.04 |
| 246页:彩图;21cm.-(大厨房菜谱系列) |
| ISBN 7-5441-2763-X:CNY15.00 |
| 本书分为畜肉篇、禽蛋篇、下水篇、水产篇、蔬菜篇,介绍了多种熘炒菜的原料和做法。是否厌倦了多年不变的家庭菜肴?你曾经的拿手菜是不是已经被家人朋友品尝过多次了?你是否也想拥有大厨的烹饪智慧呢?粥饭、汤羹、熏酱菜、熘炒菜、炝拌菜、烩炖菜、烧烤火锅、面点小吃,一网打尽,不论你是初进厨房不谙料理的生手,或是经验老到日煮万馔的老手,都能从中习得最健康、简单、方便的快手佳肴,轻轻松松做出“大厨”风味! |
| ● |
| 相关链接 |
|
|
|
正题名:大厨房
索取号:TS972.182/Q727
 
预约/预借
| 序号 | 登录号 | 条形码 | 馆藏地/架位号 | 状态 | 备注 |
| 1 | 256489 | 202564894 | 自科库501/509社科库 45排7列2层/ [索取号:TS972.182/Q727] | 在馆 | |
| 2 | 256490 | 202564901 | 自科库501/509社科库 45排7列2层/ [索取号:TS972.182/Q727] | 在馆 |